[Event "Stay Safe Play From Home 153"]
[Site "T#646141Emanuel Laske"]
[Date "2020.05.17"]
[Round "6"]
[White "Don59as"]
[Black "Vinnety"]
[Result "1-0"]
[WhiteElo "2108"]
[BlackElo "1842"]
[Annotator "NA"]
[PlyCount "111"]
[EventDate "2020.05.17"]
[EventType "swiss (blitz)"]

1. c4 {[%emt 0:00:02]} c6 {[%emt 0:00:01]} 2. e4 {[%emt 0:00:08]} d5 {[%emt 0:00:00]} 3. cxd5 {[%emt 0:00:01]} cxd5 {[%emt 0:00:01]} 4. e5 {[%emt 0:00:00]} Bf5 {[%emt 0:00:11]} 5. Nf3 {[%emt 0:00:04]} e6 {[%emt 0:00:02]} 6. d4 {[%emt 0:00:02]} Bb4+ {[%emt 0:00:03]} 7. Nc3 {[%emt 0:00:01]} Nc6 {[%emt 0:00:01]} 8. Bd3 {[%emt 0:00:02]} Bg6 {[%emt 0:00:03]} 9. O-O {[%emt 0:00:04]} Nge7 {[%emt 0:00:02]} 10. Be3 {[%emt 0:00:03]} Bxc3 {[%emt 0:00:04]} 11. bxc3 {[%emt 0:00:01]} Nf5 {[%emt 0:00:01]} 12. Bd2 {[%emt 0:00:05]} O-O {[%emt 0:00:07]} 13. Be2 {[%emt 0:00:10]} Nh4 {[%emt 0:00:08]} 14. Nxh4 {[%emt 0:00:07]} Qxh4 {[%emt 0:00:02]} 15. f4 {[%emt 0:00:08]} a6 {[%emt 0:00:10]} 16. g3 {[%emt 0:00:01]} Qe7 {[%emt 0:00:19]} 17. g4 {[%emt 0:00:05]} Be4 {[%emt 0:00:01]} 18. f5 {[%emt 0:00:10]} f6 {[%emt 0:00:04]} 19. exf6 {[%emt 0:00:07]} Qxf6 {[%emt 0:00:06]} 20. Bf3 {[%emt 0:00:17]} Bd3 {[%emt 0:00:25]} 21. Be2 {[%emt 0:00:04]} Be4 {[%emt 0:00:11]} 22. fxe6 {[%emt 0:00:14]} Qxe6 {[%emt 0:00:02]} 23. Bf4 {[%emt 0:00:05]} Rf7 {[%emt 0:00:07]} 24. Qd2 {[%emt 0:00:03]} Raf8 {[%emt 0:00:04]} 25. h3 {[%emt 0:00:07]} Qg6 {[%emt 0:00:07]} 26. Bg3 {[%emt 0:00:10]} h5 {[%emt 0:00:05]} 27. Rxf7 {[%emt 0:00:02]} Rxf7 {[%emt 0:00:02]} 28. Rf1 {[%emt 0:00:02]} Rxf1+ {[%emt 0:00:08]} 29. Kxf1 {[%emt 0:00:01]} hxg4 {[%emt 0:00:01]} 30. Bxg4 {[%emt 0:00:04]} Qf6+ {[%emt 0:00:04]} 31. Kg1 {[%emt 0:00:04]} g5 {[%emt 0:00:14]} 32. Qe3 {[%emt 0:00:09]} Na5 {[%emt 0:00:19]} 33. Be5 {[%emt 0:00:03]} Qg6 {[%emt 0:00:01]} 34. Qg3 {[%emt 0:00:05]} Nc4 {[%emt 0:00:05]} 35. Bb8 {[%emt 0:00:04]} Bf5 {[%emt 0:00:21]} 36. Qc7 {[%emt 0:00:21]} Bxg4 {[%emt 0:00:08]} 37. Qd8+ {[%emt 0:00:03]} Kh7 {[%emt 0:00:06]} 38. hxg4 {[%emt 0:00:08]} Qb1+ {[%emt 0:00:02]} 39. Kh2 {[%emt 0:00:02]} Qc2+ {[%emt 0:00:02]} 40. Kh3 {[%emt 0:00:03]} Qxc3+ {[%emt 0:00:02]} 41. Bg3 {[%emt 0:00:02]} Qxd4 {[%emt 0:00:05]} 42. Qxg5 {[%emt 0:00:03]} Ne3 {[%emt 0:00:15]} 43. Qh5+ {[%emt 0:00:04]} Kg8 {[%emt 0:00:07]} 44. Qe8+ {[%emt 0:00:04]} Kh7 {[%emt 0:00:03]} 45. Qf7+ {[%emt 0:00:07]} Kh8 {[%emt 0:00:04]} 46. Qe8+ {[%emt 0:00:02]} Kh7 {[%emt 0:00:01]} 47. Qe7+ {[%emt 0:00:01]} Kh6 {[%emt 0:00:03]} 48. Qf8+ {[%emt 0:00:07]} Kh7 {[%emt 0:00:03]} 49. Bf4 {[%emt 0:00:10]} Qg7 {[%emt 0:00:13]} 50. Qxg7+ {[%emt 0:00:03]} Kxg7 {[%emt 0:00:01]} 51. Bxe3 {[%emt 0:00:00]} Kg6 {[%emt 0:00:01]} 52. Kg3 {[%emt 0:00:02]} b5 {[%emt 0:00:00]} 53. Kf4 {[%emt 0:00:01]} Kf6 {[%emt 0:00:01]} 54. Bd4+ {[%emt 0:00:01]} Kg6 {[%emt 0:00:01]} 55. Bb6 {[%emt 0:00:01]} a5 {[%emt 0:00:00]} 56. Bxa5 {[%emt 0:00:01] Time} 1-0

[Event "Stay Safe Play From Home 153"]
[Site "T#646141Emanuel Laske"]
[Date "2020.05.17"]
[Round "6"]
[White "Sfantul321"]
[Black "Little champs"]
[Result "1-0"]
[WhiteElo "2035"]
[BlackElo "2234"]
[Annotator "NA"]
[PlyCount "111"]
[EventDate "2020.05.17"]
[EventType "swiss (blitz)"]

1. c4 {[%emt 0:00:00]} Nf6 {[%emt 0:00:03]} 2. Nc3 {[%emt 0:00:01]} e6 {[%emt 0:00:00]} 3. e4 {[%emt 0:00:01]} d6 {[%emt 0:00:01]} 4. d4 {[%emt 0:00:01]} Be7 {[%emt 0:00:02]} 5. f3 {[%emt 0:00:01]} O-O {[%emt 0:00:01]} 6. Bd3 {[%emt 0:00:01]} c5 {[%emt 0:00:00]} 7. Nge2 {[%emt 0:00:02]} cxd4 {[%emt 0:00:01]} 8. Nxd4 {[%emt 0:00:01]} Nc6 {[%emt 0:00:00]} 9. Be3 {[%emt 0:00:01]} Nxd4 {[%emt 0:00:02]} 10. Bxd4 {[%emt 0:00:01]} Nd7 {[%emt 0:00:04]} 11. O-O {[%emt 0:00:02]} Ne5 {[%emt 0:00:02]} 12. Be2 {[%emt 0:00:02]} a6 {[%emt 0:00:05]} 13. f4 {[%emt 0:00:01]} Nc6 {[%emt 0:00:01]} 14. Be3 {[%emt 0:00:02]} f5 {[%emt 0:00:02]} 15. Qc2 {[%emt 0:00:06]} fxe4 {[%emt 0:00:03]} 16. Nxe4 {[%emt 0:00:02]} d5 {[%emt 0:00:04]} 17. Rad1 {[%emt 0:00:03]} d4 {[%emt 0:00:11]} 18. Bc1 {[%emt 0:00:15]} Qb6 {[%emt 0:00:07]} 19. Kh1 {[%emt 0:00:04]} Bd7 {[%emt 0:00:04]} 20. b3 {[%emt 0:00:02]} Be8 {[%emt 0:00:04]} 21. a3 {[%emt 0:00:14]} Bg6 {[%emt 0:00:01]} 22. Bd3 {[%emt 0:00:01]} e5 {[%emt 0:00:12]} 23. c5 {[%emt 0:00:09]} Qc7 {[%emt 0:00:05]} 24. b4 {[%emt 0:00:10]} exf4 {[%emt 0:00:03]} 25. h3 {[%emt 0:00:13]} Kh8 {[%emt 0:00:02]} 26. Qe2 {[%emt 0:00:05]} Rae8 {[%emt 0:00:05]} 27. Qg4 {[%emt 0:00:01]} Ne5 {[%emt 0:00:14]} 28. Bxf4 {[%emt 0:00:13]} Nxg4 {[%emt 0:00:07]} 29. Bxc7 {[%emt 0:00:01]} Bxe4 {[%emt 0:00:07]} 30. Rxf8+ {[%emt 0:00:04]} Rxf8 {[%emt 0:00:33]} 31. hxg4 {[%emt 0:00:01]} Bd5 {[%emt 0:00:09]} 32. Be5 {[%emt 0:00:04]} Rf2 {[%emt 0:00:32]} 33. Bf1 {[%emt 0:00:07]} Bb3 {[%emt 0:00:12]} 34. Re1 {[%emt 0:00:08]} Bf6 {[%emt 0:00:06]} 35. Bg3 {[%emt 0:00:04]} Rxf1+ {[%emt 0:00:16]} 36. Rxf1 {[%emt 0:00:01]} h6 {[%emt 0:00:04]} 37. Re1 {[%emt 0:00:07]} d3 {[%emt 0:00:01]} 38. Re8+ {[%emt 0:00:03]} Kh7 {[%emt 0:00:01]} 39. Bf4 {[%emt 0:00:00]} g5 {[%emt 0:00:05]} 40. Bd2 {[%emt 0:00:02]} Kg6 {[%emt 0:00:02]} 41. Rb8 {[%emt 0:00:11]} Bd5 {[%emt 0:00:02]} 42. a4 {[%emt 0:00:04]} Bc6 {[%emt 0:00:01]} 43. b5 {[%emt 0:00:02]} axb5 {[%emt 0:00:01]} 44. axb5 {[%emt 0:00:00]} Bxb5 {[%emt 0:00:00]} 45. Rxb7 {[%emt 0:00:01]} Bc6 {[%emt 0:00:08]} 46. Rb6 {[%emt 0:00:01]} Be4 {[%emt 0:00:03]} 47. Bc3 {[%emt 0:00:01]} d2 {[%emt 0:00:06]} 48. Rxf6+ {[%emt 0:00:04]} Kg7 {[%emt 0:00:08]} 49. Rd6+ {[%emt 0:00:02]} Kf7 {[%emt 0:00:01]} 50. Bxd2 {[%emt 0:00:02]} h5 {[%emt 0:00:02]} 51. gxh5 {[%emt 0:00:01]} g4 {[%emt 0:00:01]} 52. Kh2 {[%emt 0:00:02]} Bf5 {[%emt 0:00:01]} 53. Kg3 {[%emt 0:00:01]} Bc8 {[%emt 0:00:02]} 54. h6 {[%emt 0:00:01]} Kg8 {[%emt 0:00:01]} 55. Rd8+ {[%emt 0:00:02]} Kh7 {[%emt 0:00:00]} 56. Rxc8 {[%emt 0:00:00] Little champs resigns (Lag: Av=0.65s, max=1.9s)} 1-0

[Event "Stay Safe Play From Home 153"]
[Site "T#646141Emanuel Laske"]
[Date "2020.05.17"]
[Round "6"]
[White "matanant"]
[Black "Weltszmerc"]
[Result "0-1"]
[WhiteElo "1801"]
[BlackElo "2079"]
[PlyCount "62"]
[EventDate "2020.05.17"]
[EventType "swiss (blitz)"]

1. b3 {[%emt 0:00:02]} d5 {[%emt 0:00:02]} 2. Bb2 {[%emt 0:00:00]} c6 {[%emt 0:00:00]} 3. e3 {[%emt 0:00:01]} Nf6 {[%emt 0:00:00]} 4. f4 {[%emt 0:00:01]} Bg4 {[%emt 0:00:01]} 5. Nf3 {[%emt 0:00:00]} Nbd7 {[%emt 0:00:01]} 6. Be2 {[%emt 0:00:01]} Qc7 {[%emt 0:00:02]} 7. O-O {[%emt 0:00:02]} Bxf3 {[%emt 0:00:01]} 8. Bxf3 {[%emt 0:00:02]} e5 {[%emt 0:00:00]} 9. fxe5 {[%emt 0:00:05]} Nxe5 {[%emt 0:00:00]} 10. Be2 {[%emt 0:00:05]} Bd6 {[%emt 0:00:03]} 11. g3 {[%emt 0:00:03]} O-O-O {[%emt 0:00:02]} 12. Rf2 {[%emt 0:00:04]} Ne4 {[%emt 0:00:09]} 13. Rg2 {[%emt 0:00:03]} h5 {[%emt 0:00:02]} 14. d3 {[%emt 0:00:03]} Nf6 {[%emt 0:00:01]} 15. Nd2 {[%emt 0:00:02]} Nfg4 {[%emt 0:00:03]} 16. Nf1 {[%emt 0:00:04]} f5 {[%emt 0:00:01]} 17. h3 {[%emt 0:00:03]} Nf6 {[%emt 0:00:01]} 18. Qe1 {[%emt 0:00:05]} h4 {[%emt 0:00:02]} 19. Qf2 {[%emt 0:00:05]} Qd7 {[%emt 0:00:20]} 20. Bxe5 {[%emt 0:00:34]} Bxe5 {[%emt 0:00:02]} 21. Rd1 {[%emt 0:00:15]} hxg3 {[%emt 0:00:03]} 22. Nxg3 {[%emt 0:00:02]} Rxh3 {[%emt 0:00:01]} 23. Nxf5 {[%emt 0:00:08]} Rdh8 {[%emt 0:00:02]} 24. Kf1 {[%emt 0:00:25]} Rh1+ {[%emt 0:00:04]} 25. Rg1 {[%emt 0:00:02]} g6 {[%emt 0:00:01]} 26. d4 {[%emt 0:00:21]} Rxg1+ {[%emt 0:00:09]} 27. Kxg1 {[%emt 0:00:06]} Bh2+ {[%emt 0:00:01]} 28. Kg2 {[%emt 0:00:05]} gxf5 {[%emt 0:00:08]} 29. Rh1 {[%emt 0:00:02]} Ne4 {[%emt 0:00:08]} 30. Qf3 {[%emt 0:00:09]} Qg7+ {[%emt 0:00:02]} 31. Kf1 {[%emt 0:00:04]} Nd2+ {[%emt 0:00:02] matanant resigns (Lag: Av=0.95s, max=1.4s)} 0-1

[Event "Stay Safe Play From Home 153"]
[Site "T#646141Emanuel Laske"]
[Date "2020.05.17"]
[Round "6"]
[White "Tobo Rubirosa"]
[Black "OLEKSY J"]
[Result "1-0"]
[WhiteElo "1724"]
[BlackElo "1417"]
[Annotator "NA"]
[PlyCount "65"]
[EventDate "2020.05.17"]
[EventType "swiss (blitz)"]

1. Nf3 {[%emt 0:00:07]} Nc6 {[%emt 0:00:04]} 2. d4 {[%emt 0:00:05]} e5 {[%emt 0:00:03]} 3. dxe5 {[%emt 0:00:02]} Nxe5 {[%emt 0:00:02]} 4. Nxe5 {[%emt 0:00:03]} Bc5 {[%emt 0:00:01]} 5. Nd3 {[%emt 0:00:29]} Bb6 {[%emt 0:00:05]} 6. Bf4 {[%emt 0:00:07]} Nf6 {[%emt 0:00:01]} 7. e3 {[%emt 0:00:02]} d6 {[%emt 0:00:02]} 8. Be2 {[%emt 0:00:11]} h5 {[%emt 0:00:02]} 9. Nc3 {[%emt 0:00:04]} Ng4 {[%emt 0:00:01]} 10. Qd2 {[%emt 0:00:35]} Be6 {[%emt 0:00:04]} 11. O-O-O {[%emt 0:00:03]} a5 {[%emt 0:00:03]} 12. h3 {[%emt 0:00:05]} Nf6 {[%emt 0:00:02]} 13. Bg5 {[%emt 0:00:01]} a4 {[%emt 0:00:03]} 14. a3 {[%emt 0:00:06]} Ba5 {[%emt 0:00:04]} 15. e4 {[%emt 0:00:09]} Qd7 {[%emt 0:00:15]} 16. Bxf6 {[%emt 0:00:04]} gxf6 {[%emt 0:00:01]} 17. Nf4 {[%emt 0:00:09]} b5 {[%emt 0:00:02]} 18. Nfd5 {[%emt 0:00:05]} b4 {[%emt 0:00:02]} 19. Nxf6+ {[%emt 0:00:02]} Ke7 {[%emt 0:00:05]} 20. Nxd7 {[%emt 0:00:01]} Kxd7 {[%emt 0:00:01]} 21. Bb5+ {[%emt 0:00:20]} Ke7 {[%emt 0:00:05]} 22. Bc6 {[%emt 0:00:03]} bxc3 {[%emt 0:00:03]} 23. bxc3 {[%emt 0:00:02]} Rab8 {[%emt 0:00:03]} 24. Qg5+ {[%emt 0:00:04]} Kf8 {[%emt 0:00:14]} 25. Qxa5 {[%emt 0:00:03]} Rb6 {[%emt 0:00:04]} 26. Bd5 {[%emt 0:00:06]} Ke7 {[%emt 0:00:07]} 27. Bxe6 {[%emt 0:00:02]} fxe6 {[%emt 0:00:01]} 28. e5 {[%emt 0:00:05]} d5 {[%emt 0:00:02]} 29. Qc5+ {[%emt 0:00:03]} Kd8 {[%emt 0:00:09]} 30. f4 {[%emt 0:00:06]} Rg8 {[%emt 0:00:03]} 31. f5 {[%emt 0:00:04]} Rg5 {[%emt 0:00:05]} 32. fxe6 {[%emt 0:00:03]} Rxe5 {[%emt 0:00:01]} 33. Qf8# {[%emt 0:00:04] (Lag: Av=0.57s, max=1.1s)} 1-0

[Event "Stay Safe Play From Home 153"]
[Site "T#646141Emanuel Laske"]
[Date "2020.05.17"]
[Round "6"]
[White "Germanicus G"]
[Black "Lazieri3"]
[Result "1-0"]
[WhiteElo "1629"]
[BlackElo "2004"]
[Annotator "NA"]
[PlyCount "139"]
[EventDate "2020.05.17"]
[EventType "swiss (blitz)"]

1. g3 {[%emt 0:00:01]} c6 {[%emt 0:00:00]} 2. Bg2 {[%emt 0:00:01]} d5 {[%emt 0:00:00]} 3. c3 {[%emt 0:00:01]} Nf6 {[%emt 0:00:01]} 4. Nf3 {[%emt 0:00:01]} Bf5 {[%emt 0:00:01]} 5. Qb3 {[%emt 0:00:02]} b6 {[%emt 0:00:03]} 6. d3 {[%emt 0:00:05]} Qc8 {[%emt 0:00:01]} 7. Bg5 {[%emt 0:00:05]} Bh3 {[%emt 0:00:01]} 8. O-O {[%emt 0:00:04]} h6 {[%emt 0:00:02]} 9. Bxf6 {[%emt 0:00:03]} gxf6 {[%emt 0:00:00]} 10. Re1 {[%emt 0:00:08]} h5 {[%emt 0:00:01]} 11. Bh1 {[%emt 0:00:03]} h4 {[%emt 0:00:01]} 12. e4 {[%emt 0:00:03]} hxg3 {[%emt 0:00:01]} 13. fxg3 {[%emt 0:00:02]} Qg4 {[%emt 0:00:01]} 14. exd5 {[%emt 0:00:04]} c5 {[%emt 0:00:05]} 15. Qc4 {[%emt 0:00:06]} Qh5 {[%emt 0:00:03]} 16. Qe4 {[%emt 0:00:04]} Bg4 {[%emt 0:00:04]} 17. Nh4 {[%emt 0:00:02]} Nd7 {[%emt 0:00:07]} 18. d6 {[%emt 0:00:02]} Rb8 {[%emt 0:00:07]} 19. dxe7 {[%emt 0:00:01]} Bh6 {[%emt 0:00:02]} 20. Bf3 {[%emt 0:00:27]} Bxf3 {[%emt 0:00:07]} 21. Qxf3 {[%emt 0:00:03]} Bg5 {[%emt 0:00:09]} 22. Qxh5 {[%emt 0:00:03]} Rxh5 {[%emt 0:00:00]} 23. Nf5 {[%emt 0:00:09]} Ne5 {[%emt 0:00:03]} 24. Ng7+ {[%emt 0:00:03]} Kxe7 {[%emt 0:00:03]} 25. Nxh5 {[%emt 0:00:01]} Kd6 {[%emt 0:00:02]} 26. Nf4 {[%emt 0:00:24]} Nf3+ {[%emt 0:00:10]} 27. Kf2 {[%emt 0:00:02]} Nxe1 {[%emt 0:00:02]} 28. Kxe1 {[%emt 0:00:01]} Rh8 {[%emt 0:00:03]} 29. Nd2 {[%emt 0:00:18]} Bxf4 {[%emt 0:00:03]} 30. gxf4 {[%emt 0:00:03]} Rxh2 {[%emt 0:00:00]} 31. Rd1 {[%emt 0:00:06]} f5 {[%emt 0:00:08]} 32. Nc4+ {[%emt 0:00:05]} Ke6 {[%emt 0:00:14]} 33. Rd2 {[%emt 0:00:00]} Rh1+ {[%emt 0:00:01]} 34. Ke2 {[%emt 0:00:02]} Kf6 {[%emt 0:00:03]} 35. Kf3 {[%emt 0:00:06]} Rh3+ {[%emt 0:00:03]} 36. Kg2 {[%emt 0:00:03]} Rh4 {[%emt 0:00:04]} 37. Kg3 {[%emt 0:00:02]} Rg4+ {[%emt 0:00:02]} 38. Kf3 {[%emt 0:00:01]} Rh4 {[%emt 0:00:01]} 39. Ne3 {[%emt 0:00:02]} Rh3+ {[%emt 0:00:04]} 40. Kf2 {[%emt 0:00:02]} Rh1 {[%emt 0:00:02]} 41. d4 {[%emt 0:00:03]} Rh2+ {[%emt 0:00:10]} 42. Ng2 {[%emt 0:00:02]} cxd4 {[%emt 0:00:03]} 43. cxd4 {[%emt 0:00:01]} Ke6 {[%emt 0:00:01]} 44. d5+ {[%emt 0:00:01]} Kd6 {[%emt 0:00:01]} 45. a3 {[%emt 0:00:02]} Rh3 {[%emt 0:00:04]} 46. Ne3 {[%emt 0:00:05]} Rh2+ {[%emt 0:00:01]} 47. Ke1 {[%emt 0:00:02]} Rh1+ {[%emt 0:00:05]} 48. Ke2 {[%emt 0:00:02]} Rh2+ {[%emt 0:00:04]} 49. Kd3 {[%emt 0:00:01]} Rh1 {[%emt 0:00:00]} 50. Kd4 {[%emt 0:00:05]} Rh4 {[%emt 0:00:09]} 51. Nxf5+ {[%emt 0:00:02]} Kd7 {[%emt 0:00:01]} 52. Nxh4 {[%emt 0:00:00]} b5 {[%emt 0:00:01]} 53. Ke5 {[%emt 0:00:01]} b4 {[%emt 0:00:01]} 54. axb4 {[%emt 0:00:02]} a6 {[%emt 0:00:02]} 55. d6 {[%emt 0:00:01]} f5 {[%emt 0:00:01]} 56. Nxf5 {[%emt 0:00:03]} a5 {[%emt 0:00:02]} 57. bxa5 {[%emt 0:00:02]} Kc6 {[%emt 0:00:00]} 58. d7 {[%emt 0:00:02]} Kb5 {[%emt 0:00:00]} 59. d8=Q {[%emt 0:00:01]} Ka4 {[%emt 0:00:00]} 60. Rd4+ {[%emt 0:00:05]} Kb3 {[%emt 0:00:00]} 61. Qb6+ {[%emt 0:00:02]} Ka2 {[%emt 0:00:00]} 62. a6 {[%emt 0:00:02]} Kb1 {[%emt 0:00:01]} 63. a7 {[%emt 0:00:00]} Ka2 {[%emt 0:00:01]} 64. b4 {[%emt 0:00:01]} Kb1 {[%emt 0:00:00]} 65. b5 {[%emt 0:00:01]} Ka2 {[%emt 0:00:00]} 66. Qc5 {[%emt 0:00:01]} Kb1 {[%emt 0:00:00]} 67. b6 {[%emt 0:00:01]} Ka2 {[%emt 0:00:00]} 68. b7 {[%emt 0:00:01]} Kb1 {[%emt 0:00:00]} 69. b8=Q+ {[%emt 0:00:01]} Ka1 {[%emt 0:00:01]} 70. a8=Q# {[%emt 0:00:00] (Lag: Av=0.44s, max=1.6s)} 1-0

[Event "Stay Safe Play From Home 153"]
[Site "T#646141Emanuel Laske"]
[Date "2020.05.17"]
[Round "6"]
[White "Sadbat1122"]
[Black "Mandy"]
[Result "1-0"]
[WhiteElo "1600"]
[BlackElo "928"]
[Annotator "NA"]
[PlyCount "55"]
[EventDate "2020.05.17"]
[EventType "swiss (blitz)"]

1. e4 {[%emt 0:00:06]} c6 {[%emt 0:00:03]} 2. d4 {[%emt 0:00:04]} d5 {[%emt 0:00:01]} 3. Nc3 {[%emt 0:00:02]} e6 {[%emt 0:00:10]} 4. Nf3 {[%emt 0:00:08]} Bb4 {[%emt 0:00:03]} 5. exd5 {[%emt 0:00:03]} cxd5 {[%emt 0:00:07]} 6. Bd2 {[%emt 0:00:03]} Nf6 {[%emt 0:00:06]} 7. Bb5+ {[%emt 0:00:04]} Nbd7 {[%emt 0:00:05]} 8. Ne5 {[%emt 0:00:03]} a6 {[%emt 0:00:02]} 9. Bd3 {[%emt 0:00:14]} O-O {[%emt 0:00:05]} 10. O-O {[%emt 0:00:02]} b5 {[%emt 0:00:24]} 11. Qf3 {[%emt 0:00:05]} Qe7 {[%emt 0:00:04]} 12. a3 {[%emt 0:00:17]} Bxc3 {[%emt 0:00:05]} 13. Bxc3 {[%emt 0:00:04]} Rb8 {[%emt 0:00:11]} 14. Bb4 {[%emt 0:00:04]} Qd8 {[%emt 0:00:05]} 15. Nc6 {[%emt 0:00:04]} Qb6 {[%emt 0:00:30]} 16. Nxb8 {[%emt 0:00:06]} Nxb8 {[%emt 0:00:14]} 17. Bc5 {[%emt 0:00:09]} Qc6 {[%emt 0:00:07]} 18. Bxf8 {[%emt 0:00:03]} Kxf8 {[%emt 0:00:02]} 19. b3 {[%emt 0:00:05]} Qc3 {[%emt 0:00:19]} 20. Qe3 {[%emt 0:00:09]} Ng4 {[%emt 0:00:22]} 21. Qf4 {[%emt 0:00:06]} Nd7 {[%emt 0:00:43]} 22. Qxg4 {[%emt 0:00:05]} g6 {[%emt 0:00:11]} 23. Qf4 {[%emt 0:00:03]} e5 {[%emt 0:00:14]} 24. dxe5 {[%emt 0:00:03]} Nc5 {[%emt 0:00:14]} 25. Qb4 {[%emt 0:00:13]} Qxe5 {[%emt 0:00:25]} 26. Qxc5+ {[%emt 0:00:04]} Kg7 {[%emt 0:00:06]} 27. Qxc8 {[%emt 0:00:02]} Qf6 {[%emt 0:00:03]} 28. Rae1 {[%emt 0:00:04] Zeit} 1-0

[Event "Stay Safe Play From Home 153"]
[Site "T#646141Emanuel Laske"]
[Date "2020.05.17"]
[Round "7"]
[White "Don59as"]
[Black "matanant"]
[Result "1-0"]
[WhiteElo "2114"]
[BlackElo "1796"]
[Annotator "NA"]
[PlyCount "65"]
[EventDate "2020.05.17"]
[EventType "swiss (blitz)"]

1. c4 {[%emt 0:00:03]} e5 {[%emt 0:00:03]} 2. Nc3 {[%emt 0:00:08]} Nf6 {[%emt 0:00:03]} 3. e4 {[%emt 0:00:02]} Bc5 {[%emt 0:00:05]} 4. g3 {[%emt 0:00:01]} d6 {[%emt 0:00:02]} 5. Bg2 {[%emt 0:00:01]} O-O {[%emt 0:00:04]} 6. h3 {[%emt 0:00:01]} c6 {[%emt 0:00:03]} 7. Nge2 {[%emt 0:00:03]} h6 {[%emt 0:00:03]} 8. O-O {[%emt 0:00:01]} Bb6 {[%emt 0:00:34]} 9. d4 {[%emt 0:00:12]} Nbd7 {[%emt 0:00:11]} 10. b3 {[%emt 0:00:05]} Re8 {[%emt 0:00:10]} 11. Bb2 {[%emt 0:00:02]} exd4 {[%emt 0:00:02]} 12. Nxd4 {[%emt 0:00:01]} Nc5 {[%emt 0:00:02]} 13. Re1 {[%emt 0:00:01]} Bc7 {[%emt 0:00:12]} 14. Rc1 {[%emt 0:00:07]} Ne6 {[%emt 0:00:02]} 15. Nf5 {[%emt 0:00:11]} Kh7 {[%emt 0:00:19]} 16. Qd2 {[%emt 0:00:26]} Ng8 {[%emt 0:00:03]} 17. Rcd1 {[%emt 0:00:03]} Qg5 {[%emt 0:00:43]} 18. f4 {[%emt 0:00:15]} Qg6 {[%emt 0:00:02]} 19. Kh2 {[%emt 0:00:20]} Rd8 {[%emt 0:00:05]} 20. Nh4 {[%emt 0:00:08]} Qh5 {[%emt 0:00:07]} 21. Bf3 {[%emt 0:00:05]} Qa5 {[%emt 0:00:03]} 22. a3 {[%emt 0:00:08]} Qa6 {[%emt 0:00:18]} 23. Nf5 {[%emt 0:00:12]} Nc5 {[%emt 0:00:07]} 24. Qc2 {[%emt 0:00:17]} Bxf5 {[%emt 0:00:09]} 25. exf5 {[%emt 0:00:02]} Nf6 {[%emt 0:00:11]} 26. b4 {[%emt 0:00:02]} Ncd7 {[%emt 0:00:04]} 27. Qb3 {[%emt 0:00:20]} Re8 {[%emt 0:00:09]} 28. g4 {[%emt 0:00:03]} Rxe1 {[%emt 0:00:15]} 29. Rxe1 {[%emt 0:00:01]} Bd8 {[%emt 0:00:04]} 30. g5 {[%emt 0:00:11]} Ng8 {[%emt 0:00:10]} 31. h4 {[%emt 0:00:03]} b5 {[%emt 0:00:05]} 32. cxb5 {[%emt 0:00:04]} Qxb5 {[%emt 0:00:01]} 33. Nxb5 {[%emt 0:00:02] matanant resigns (Lag: Av=0.77s, max=1.8s)} 1-0

[Event "Stay Safe Play From Home 153"]
[Site "T#646141Emanuel Laske"]
[Date "2020.05.17"]
[Round "7"]
[White "Weltszmerc"]
[Black "Germanicus G"]
[Result "1-0"]
[WhiteElo "2084"]
[BlackElo "1659"]
[PlyCount "75"]
[EventDate "2020.05.17"]
[EventType "swiss (blitz)"]

1. d4 {[%emt 0:00:02]} e6 {[%emt 0:00:00]} 2. c4 {[%emt 0:00:01]} Nf6 {[%emt 0:00:01]} 3. Nf3 {[%emt 0:00:02]} d5 {[%emt 0:00:05]} 4. g3 {[%emt 0:00:01]} c6 {[%emt 0:00:05]} 5. Bg2 {[%emt 0:00:01]} dxc4 {[%emt 0:00:02]} 6. O-O {[%emt 0:00:00]} b5 {[%emt 0:00:08]} 7. Qc2 {[%emt 0:00:03]} Bb7 {[%emt 0:00:03]} 8. Nbd2 {[%emt 0:00:01]} Be7 {[%emt 0:00:04]} 9. b3 {[%emt 0:00:01]} cxb3 {[%emt 0:00:03]} 10. Nxb3 {[%emt 0:00:00]} O-O {[%emt 0:00:03]} 11. Nc5 {[%emt 0:00:04]} Bxc5 {[%emt 0:00:02]} 12. dxc5 {[%emt 0:00:00]} Nbd7 {[%emt 0:00:04]} 13. Rd1 {[%emt 0:00:01]} Qc8 {[%emt 0:00:15]} 14. Bf4 {[%emt 0:00:03]} Nd5 {[%emt 0:00:02]} 15. Bd6 {[%emt 0:00:01]} Re8 {[%emt 0:00:01]} 16. e4 {[%emt 0:00:01]} N5f6 {[%emt 0:00:16]} 17. e5 {[%emt 0:00:02]} Nd5 {[%emt 0:00:03]} 18. Ng5 {[%emt 0:00:01]} g6 {[%emt 0:00:05]} 19. h4 {[%emt 0:00:03]} h6 {[%emt 0:00:12]} 20. Ne4 {[%emt 0:00:04]} Kg7 {[%emt 0:00:04]} 21. h5 {[%emt 0:00:11]} a5 {[%emt 0:00:09]} 22. Qd2 {[%emt 0:00:15]} Qd8 {[%emt 0:00:08]} 23. hxg6 {[%emt 0:00:04]} fxg6 {[%emt 0:00:02]} 24. f4 {[%emt 0:00:02]} b4 {[%emt 0:00:20]} 25. Bh3 {[%emt 0:00:12]} Ba6 {[%emt 0:00:13]} 26. Kh2 {[%emt 0:00:02]} a4 {[%emt 0:00:23]} 27. Re1 {[%emt 0:00:01]} b3 {[%emt 0:00:02]} 28. axb3 {[%emt 0:00:05]} axb3 {[%emt 0:00:01]} 29. Nf6 {[%emt 0:00:01]} N7xf6 {[%emt 0:00:07]} 30. exf6+ {[%emt 0:00:00]} Nxf6 {[%emt 0:00:03]} 31. Rxe6 {[%emt 0:00:07]} Bc4 {[%emt 0:00:08]} 32. Rxe8 {[%emt 0:00:12]} Nxe8 {[%emt 0:00:05]} 33. Qc3+ {[%emt 0:00:11]} Kh7 {[%emt 0:00:38]} 34. Rxa8 {[%emt 0:00:07]} Qxa8 {[%emt 0:00:06]} 35. Qxc4 {[%emt 0:00:01]} Qa2+ {[%emt 0:00:04]} 36. Bg2 {[%emt 0:00:02]} Qc2 {[%emt 0:00:10]} 37. Qf7+ {[%emt 0:00:04]} Ng7 {[%emt 0:00:03]} 38. Be5 {[%emt 0:00:01] Germanicus G gibt auf (Lag: Av=0.53s, max=0.9s)} 1-0

[Event "Stay Safe Play From Home 153"]
[Site "T#646141Emanuel Laske"]
[Date "2020.05.17"]
[Round "7"]
[White "Lazieri3"]
[Black "Sfantul321"]
[Result "0-1"]
[WhiteElo "1973"]
[BlackElo "2061"]
[Annotator "NA"]
[PlyCount "48"]
[EventDate "2020.05.17"]
[EventType "swiss (blitz)"]

1. e4 {[%emt 0:00:02]} g6 {[%emt 0:00:02]} 2. Nc3 {[%emt 0:00:01]} Bg7 {[%emt 0:00:01]} 3. Nf3 {[%emt 0:00:00]} c5 {[%emt 0:00:01]} 4. d4 {[%emt 0:00:00]} cxd4 {[%emt 0:00:01]} 5. Nxd4 {[%emt 0:00:00]} Nc6 {[%emt 0:00:00]} 6. Nxc6 {[%emt 0:00:01]} bxc6 {[%emt 0:00:01]} 7. Bd3 {[%emt 0:00:01]} Rb8 {[%emt 0:00:00]} 8. Rb1 {[%emt 0:00:01]} Bxc3+ {[%emt 0:00:05]} 9. Kf1 {[%emt 0:00:04]} Bg7 {[%emt 0:00:02]} 10. c3 {[%emt 0:00:02]} Qc7 {[%emt 0:00:01]} 11. g3 {[%emt 0:00:01]} d6 {[%emt 0:00:01]} 12. Be3 {[%emt 0:00:01]} Bh3+ {[%emt 0:00:02]} 13. Kg1 {[%emt 0:00:02]} Nf6 {[%emt 0:00:02]} 14. Qd2 {[%emt 0:00:01]} O-O {[%emt 0:00:03]} 15. Bh6 {[%emt 0:00:01]} Ng4 {[%emt 0:00:02]} 16. Bf4 {[%emt 0:00:05]} e5 {[%emt 0:00:01]} 17. Bg5 {[%emt 0:00:06]} h6 {[%emt 0:00:02]} 18. Be3 {[%emt 0:00:01]} Nxe3 {[%emt 0:00:01]} 19. Qxe3 {[%emt 0:00:01]} Qb6 {[%emt 0:00:02]} 20. Qe2 {[%emt 0:00:03]} f5 {[%emt 0:00:04]} 21. exf5 {[%emt 0:00:02]} Bxf5 {[%emt 0:00:01]} 22. Bc4+ {[%emt 0:00:05]} d5 {[%emt 0:00:01]} 23. Bd3 {[%emt 0:00:02]} Bxd3 {[%emt 0:00:02]} 24. Qxd3 {[%emt 0:00:01]} Qxf2# {[%emt 0:00:01] (Lag: Av=0.35s, max=0.5s)} 0-1